01318nam a2200337Ia 4500001001200000003000800012006001900020007001500039008004100054010001700095020004300112020001800155040002100173035002100194050002700215082001700242245009500259260004300354300002300397490002100420504006400441533015200505650004800657650002600705655002900731700002000760710001700780830004000797856012600837999001700963ebr10629478CaPaEBRm u cr cn|||||||||120522s2013 maua sb 001 0 eng d z 2012015872 z9780262018463 (hardcover : alk. paper) z9780262305501 aCaPaEBRcCaPaEBR a(OCoLC)82320784514aQA76.73.B3bA14 2013eb04a005.26/222300a10 PRINT CHR$(205.5+RND(1));:GOTO 10h[electronic resource] /cNick Montfort ... [et al.]. aCambridge, Mass. :bMIT Press,cc2013. axi, 309 p. :bill.1 aSoftware studies aIncludes bibliographical references (p. 276-285) and index. aElectronic reproduction.bPalo Alto, Calif. :cebrary,d2011.nAvailable via World Wide Web.nAccess may be limited to ebrary affiliated libraries. 0aBASIC (Computer program language)xHistory. 0aComputer programming. 7aElectronic books.2local1 aMontfort, Nick.2 aebrary, Inc. 0aSoftware studies (Cambridge, Mass.)40uhttp://site.ebrary.com/lib/rucke/Doc?id=10629478zAn electronic book accessible through the World Wide Web; click to view c72753d72753